书目信息 |
| 题名: |
郑州市郑东新区城市规划与建筑设计
|
|
| 作者: | 李克 主编 ;郑州市郑东新区管理委员会 , 郑州市 (河南省) 编著 | |
| 分册: | 04 郑东新区城市设计与建筑设计篇 | |
| 出版信息: | 北京 中国建筑工业出版社 2010 |
|
| 页数: | 270页 | |
| 开本: | 29cm | |
| 丛书名: | ||
| 单 册: | ||
| 中图分类: | TU984.261 | |
| 科图分类: | ||
| 主题词: | 城市规划--Cheng Shi Gui Hua--建筑设计--河南省--郑州市--2001-2009 | |
| 电子资源: | ||
| ISBN: | 978-7-112-10972-2 | |
| 000 | 01374nam 2200253 450 | |
| 001 | 0100004712 | |
| 005 | 20180426152348.92 | |
| 010 | @a978-7-112-10972-2@dCNY235.00 | |
| 100 | @a20101105d2010 em y0chiy50 ea | |
| 101 | 0 | @achi |
| 102 | @aCN@b110000 | |
| 105 | @aak z 000yy | |
| 200 | 1 | @a郑州市郑东新区城市规划与建筑设计@e2001-2009@h04@i郑东新区城市设计与建筑设计篇@d= Urban planning and architectural designs for Zhengdong new district of Zhengzhou@e2001-2009@iThe urban and architectural designs of Zhengdong new district@f李克主编@g郑州市郑东新区管理委员会, 郑州市城市规划局编著@zeng |
| 210 | @a北京@c中国建筑工业出版社@d2010 | |
| 215 | @a270页@c图 (部分彩图)@d29cm | |
| 510 | 1 | @aUrban planning and architectural designs for Zhengdong new district of Zhengzhou@e2001-2009@ithe urban and architectural designs of Zhengdong new district@zeng |
| 517 | 1 | @a郑东新区城市设计与建筑设计篇@AZheng Dong Xin Qu Cheng Shi She Ji Yu Jian Zhu She Ji Pian |
| 606 | 0 | @a城市规划@ACheng Shi Gui Hua@x建筑设计@y河南省@y郑州市@z2001-2009 |
| 690 | @aTU984.261@v4 | |
| 701 | 0 | @a李克@ALi Ke@4主编 |
| 712 | 02 | @a郑州市郑东新区管理委员会@AZheng Zhou Shi Zheng Dong Xin Qu Guan Li Wei Yuan Hui@4编著 |
| 712 | 01 | @a郑州市 (河南省)@AZheng Zhou Shi ( He Nan Sheng )@b城市规划局@BCheng Shi Gui Hua Ju@4编著 |
| 801 | 0 | @aCN@c20150827 |
| 905 | @a河南城建学院图书馆@dTU984.261@eL191:4 | |
| 郑州市郑东新区城市规划与建筑设计:2001-2009.04.郑东新区城市设计与建筑设计篇= Urban planning and architectural designs for Zhengdong new district of Zhengzhou:2001-2009.The urban and architectural designs of Zhengdong new district/李克主编/郑州市郑东新区管理委员会, 郑州市城市规划局编著.-北京:中国建筑工业出版社,2010 |
| 270页:图 (部分彩图);29cm |
| ISBN 978-7-112-10972-2:CNY235.00 |
| ● |
| 相关链接 |
|
|
|
正题名:郑州市郑东新区城市规划与建筑设计
索取号:TU984.261/L191:4
 
预约/预借
| 序号 | 登录号 | 条形码 | 馆藏地/架位号 | 状态 | 备注 |
| 1 | 1178904 | 211789046 | 建筑库201/201建筑库 96排2列2层/ [索取号:TU984.261/L191:4] | 在馆 | |
| 2 | 1299066 | 212990664 | 建筑与城市规划学院资料室/ [索取号:TU984.261/L191:4] | 在馆 |